Manchester Derby XIs 2012-2017 - Statistics

General Stats
  • This quiz has been taken 326 times
  • The average score is 42 of 66
Answer Stats
Answer % Correct
David de Gea
98%
Sergio Agüero
95%
Joe Hart
94%
Wayne Rooney
93%
Vincent Kompany
90%
Rafael Da Silva
88%
David Silva
86%
Nemanja Vidić
83%
Rio Ferdinand
83%
Robin van Persie
82%
Kevin De Bruyne
81%
Yaya Touré
79%
Marcus Rashford
78%
Michael Carrick
78%
Edin Džeko
77%
Phil Jones
76%
Antonio Valencia
75%
Fernandinho
75%
Claudio Bravo
74%
Patrice Evra
74%
Chris Smalling
73%
Luke Shaw
73%
Pablo Zabaleta
73%
Raheem Sterling
73%
Zlatan Ibrahimović
72%
Anthony Martial
71%
Paul Pogba
71%
Gaël Clichy
69%
Nicolás Otamendi
69%
Ryan Giggs
67%
Samir Nasri
67%
Carlos Tévez
66%
Mario Balotelli
66%
Aleksandar Kolarov
62%
Juan Mata
62%
John Stones
60%
Jonny Evans
60%
Ashley Young
59%
Martín Demichelis
58%
Eric Bailly
57%
Marouane Fellaini
57%
Fernando
56%
Marcos Rojo
55%
Ander Herrera
54%
Leroy Sané
54%
Jesús Navas
52%
Bacary Sagna
51%
Gareth Barry
51%
James Milner
51%
Jesse Lingard
51%
Ángel Di María
49%
Danny Welbeck
48%
Álvaro Negredo
47%
Daley Blind
47%
Morgan Schneiderlin
46%
Bastian Schweinsteiger
45%
Eliaquim Mangala
45%
Matteo Darmian
45%
Tom Cleverley
45%
Adnan Januzaj
36%
Henrikh Mkhitaryan
36%
Matija Nastasić
31%
Wilfried Bony
31%
Nolito
29%
Kelechi Iheanacho
28%
Stevan Jovetić
28%
No matching quizzes found
Score Distribution
Percent of People with Each Score
Percentile by Number Answered
Your Score History
You have not taken this quiz